The great meadow /

Bibliographic Details
Main Author: Roberts, Elizabeth Madox, 1881-1941
Format: Book
Language:English
Published: New York : Literary Guild, 1930.
Subjects:

MARC

Tag First Indicator Second Indicator Subfields
LEADER 00000cam a2200000I 4500
001 in00000027357
005 20151007061321.0
008 030318s1930 nyub 000 0 eng d
035 |a (OCoLC)ocm01214713 
035 |9 AAD1766AM 
040 |a KSU  |c KSU  |d OCL  |d TXA  |d UtOrBLW 
049 |a TXAM 
090 |a PS3535.O172  |b G7 1930 
100 1 |a Roberts, Elizabeth Madox,  |d 1881-1941. 
245 1 4 |a The great meadow /  |c by Elizabeth Madox Roberts. 
264 1 |a New York :  |b Literary Guild,  |c 1930. 
300 |a 338 pages ;  |c 20 cm. 
336 |a text  |b txt  |2 rdacontent 
337 |a unmediated  |b n  |2 rdamedia 
338 |a volume  |b nc  |2 rdacarrier 
500 |a Maps on lining-papers. 
651 0 |a Kentucky  |x History  |v Fiction. 
994 |a E0  |b TXA 
949 |a updated  |b h  |c 2003/3/18  |e lmiller  |f 3:42:34 pm (Replaced incorrect record with correct one) 
999 |a MARS 
999 f f |s db6cb8be-414c-340e-aa18-0d2a2cb7e93c  |i c1218219-8146-3de2-8c5e-ebebc6e9a859  |t 0 
952 f f |p ric  |a Texas A&M University  |b Rellis Campus  |c Joint Library Facility  |d Remote Storage  |t 0  |e PS3535.O172 G7 1930  |h Library of Congress classification  |i unmediated -- volume  |m A14801248975 
998 f f |a PS3535.O172 G7 1930  |t 0  |l Remote Storage